Orta ixtisas musiq məktəb-studiyası - 40 (Record no. 421)

MARC details
000 -LEADER
fixed length control field 01097nam a22003137a 4500
003 - CONTROL NUMBER IDENTIFIER
control field OSt
005 - DATE AND TIME OF LATEST TRANSACTION
control field 20260512105033.0
008 - FIXED-LENGTH DATA ELEMENTS--GENERAL INFORMATION
fixed length control field 260512b |||||||| |||| 00| 0 aze d
020 ## - INTERNATIONAL STANDARD BOOK NUMBER
International Standard Book Number 9789952440375
040 ## - CATALOGING SOURCE
Original cataloging agency AZ-XaKU
Language of cataloging aze
Transcribing agency AZ-XaKU
050 14 - LIBRARY OF CONGRESS CALL NUMBER
Classification number MT5 .A9 .B14 .SCH656 2021
100 1# - MAIN ENTRY--PERSONAL NAME
Relator term müəllif
245 10 - TITLE STATEMENT
Title Orta ixtisas musiq məktəb-studiyası - 40
264 ## - PRODUCTION, PUBLICATION, DISTRIBUTION, MANUFACTURE, AND COPYRIGHT NOTICE
Place of production, publication, distribution, manufacture Bakı:
Name of producer, publisher, distributor, manufacturer SkyE,
Date of production, publication, distribution, manufacture, or copyright notice 2021
300 ## - PHYSICAL DESCRIPTION
Extent 328 səhifə ;
Dimensions 28 sm.
336 ## - CONTENT TYPE
Content type term text
Content type code txt
Source rdacontent
337 ## - MEDIA TYPE
Media type term unmediated
Media type code n
Source rdamedia
338 ## - CARRIER TYPE
Carrier type term volume
Carrier type code nc
Source rdacarrier
505 0# - Formatted Contents Note
Formatted contents note Fotoqalereya -- Musiqi incəsənəti xadimləri məktəb-studiya haqqında -- Ortaq ixtisas musiq məktəb-studiyası mətbuat səhifələrindı -- Əlavələr
521 ## - TARGET AUDIENCE NOTE
Target audience note Ümumi oxucu kütləsi
600 ## - SUBJECT ADDED ENTRY--PERSONAL NAME
Source of heading or term AZ-XaKU
650 #7 - SUBJECT ADDED ENTRY--TOPICAL TERM
Source of heading or term AZ-XaKU
Topical term or geographic name entry element Musiqişünaslıq
700 1# - ADDED ENTRY--PERSONAL NAME
Personal name Bədəlbəyli, Fərhad,
Relator term redaktor.
700 1# - ADDED ENTRY--PERSONAL NAME
Personal name İbrahimova, Aytən,
Relator term tərtibçi-redaktor.
700 1# - ADDED ENTRY--PERSONAL NAME
Personal name Məmmədova, Sevda,
Relator term tərtibçi-redaktor.
700 1# - ADDED ENTRY--PERSONAL NAME
Personal name Seyidov, Tərlan,
Relator term redaktor.
942 ## - ADDED ENTRY ELEMENTS (KOHA)
Koha item type Book
Holdings
Withdrawn status Lost status Source of classification or shelving scheme Damaged status Not for loan Collection Home library Current library Date acquired Total checkouts Full call number Barcode Date last seen Copy number Price effective from Koha item type
    Library of Congress Classification     Fine Arts Collection Karabakh University Main Library Karabakh University Art Library 05/12/2026   MT5 .A9 .B14 .SCH656 2021 0000001197 05/12/2026 1 05/12/2026 Book
    Library of Congress Classification     Fine Arts Collection Karabakh University Main Library Karabakh University Art Library 05/12/2026   MT5 .A9 .B14 .SCH656 2021 c.2 0000001198 05/12/2026 2 05/12/2026 Book